La eneida: reinvencion de la epica /
Guardado en:
| Autor Principal: | |
|---|---|
| Formato: | Libro |
| Publicado: |
Pisa / Roma :
Istituti Editoriali E Poligrafici Internazionali,
2002
|
| Series: | Nuova Serie 70, N.1 Vol.99
|
| Materias: | |
| Etiquetas: |
Agregar Etiqueta
Sin Etiquetas, Sea el primero en etiquetar este registro!
|
| LEADER | 00691nam a22002175a 4500 | ||
|---|---|---|---|
| 001 | EHU.bham025574 | ||
| 003 | AR-BHAM | ||
| 005 | 20101222130514.0 | ||
| 008 | 130507s2002##################000#0#####d | ||
| 082 | 8 | 7 | |a 873.07 |
| 100 | 1 | |a Florio, Ruben | |
| 245 | 1 | 0 | |a La eneida: reinvencion de la epica / |c Ruben Florio |
| 260 | |a Pisa / Roma : |b Istituti Editoriali E Poligrafici Internazionali, |c 2002 | ||
| 300 | |a 17 p. | ||
| 490 | 0 | |a Nuova Serie 70, N.1 Vol.99 | |
| 500 | |a Quaderni Urbinati Di Cultura Classica | ||
| 653 | |a Literatura | ||
| 653 | |a Literatura latina | ||
| 653 | |a Literatura latina-estudio | ||
| 653 | |a Virgilio | ||
| 859 | |a AR-BHAM |b BIB. HUMANIDADES - General |h 873.07 |i F664-3 |p 190.03 |t Ej.1 | ||
